书目信息 |
| 题名: |
哲学趣例300题
|
|
| 作者: | ;军械技术学院政教室 编写 | |
| 分册: | ||
| 出版信息: | 石家庄 河北人民出版社 1985 |
|
| 页数: | 298页 | |
| 开本: | 19cm | |
| 丛书名: | ||
| 单 册: | ||
| 中图分类: | B-49 , B2 | |
| 科图分类: | ||
| 主题词: | 哲学--通俗读物 , 哲学--中国 | |
| 电子资源: | ||
| ISBN: | ||
| 000 | 00700nam0 2200253 45 | |
| 001 | 1132281974 | |
| 005 | 20110928085921.35 | |
| 010 | @dCNY1.25 | |
| 091 | @aCN@b2086.111 | |
| 100 | @a19951005d1985 em y0chiy0121 ea | |
| 101 | 0 | @achi |
| 102 | @aCN@b130000 | |
| 105 | @ay z 000yy | |
| 200 | 10 | @a哲学趣例300题@Azhe xue qu li 300 ti@f军械技术学院政教室《哲学趣例300题》编写组编写 |
| 210 | @a石家庄@c河北人民出版社@d1985 | |
| 215 | @a298页@d19cm | |
| 606 | 0 | @a哲学@x通俗读物 |
| 606 | 0 | @a哲学@x中国 |
| 690 | @aB-49@v3 | |
| 690 | @aB2@v4 | |
| 711 | 02 | @a军械技术学院政教室@Ajun xie ji shu xue yuan zheng jiao shi@4编写 |
| 801 | 0 | @aCN@bTSSF |
| 801 | 2 | @aCN@bNLC |
| 905 | @a10447@dB2@eJY34 | |
| 哲学趣例300题/军械技术学院政教室《哲学趣例300题》编写组编写.-石家庄:河北人民出版社,1985 |
| 298页;19cm |
| ISBN :CNY1.25 |
| ● |
| 相关链接 |
|
|
|
|
正题名:哲学趣例300题
索取号:B2/JY34
 
预约/预借
| 序号 | 登录号 | 条形码 | 馆藏地/架位号 | 状态 | 备注 |
| 1 | 7824443 | 278244437 | 学院路分馆/ [索取号:B2/JY34] | 在馆 | |
| 2 | 7824444 | 278244446 | 学院路分馆/ [索取号:B2/JY34] | 在馆 |